000
00288nam a22001217a 4500
008
180730b xxu||||| |||| 00| 0 eng d
082
_a
815.32
245
_a
Marketing plan pro
_c
Palo Alto Software
260
_c
2000-2007
300
_a
1
_f
CD
440
_x
9780132237574
942
_2
ddc
_c
MX
999
_c
46678
_d
46678